ARRUPE JESUIT UNIVERSITY

CORONAVIRUS -STOP THE SPREAD - CLEAN,DISINFECT,COVER

Na mão de Deus / (Record no. 127009)

MARC details
000 -LEADER
fixed length control field 01150cam a2200325 i 4500
001 - CONTROL NUMBER
control field 17605662
003 - CONTROL NUMBER IDENTIFIER
control field ARRUPE
005 - DATE AND TIME OF LATEST TRANSACTION
control field 20171003095012.0
008 - FIXED-LENGTH DATA ELEMENTS--GENERAL INFORMATION
fixed length control field 130129s2012 mz b 000 0 por
010 ## - LIBRARY OF CONGRESS CONTROL NUMBER
LC control number 2012312560
040 ## - CATALOGING SOURCE
Original cataloging agency DLC
Language of cataloging eng
Transcribing agency DLC
Description conventions rda
042 ## - AUTHENTICATION CODE
Authentication code lcode
-- pcc
043 ## - GEOGRAPHIC AREA CODE
Geographic area code f-mz---
050 00 - LIBRARY OF CONGRESS CALL NUMBER
Classification number BF1242.M85
Item number C45 2012
300 ## - PHYSICAL DESCRIPTION
Dimensions 21 cm
100 1# - MAIN ENTRY--PERSONAL NAME
Personal name Chiziane, Paulina,
Dates associated with a name 1955-
9 (RLIN) 36647
245 10 - TITLE STATEMENT
Title Na mão de Deus /
Statement of responsibility, etc Paulina Chiziane, Maria do Carmo da Silva.
260 ## - PUBLICATION, DISTRIBUTION, ETC. (IMPRINT)
Place of publication, distribution, etc Mozambique
Name of publisher, distributor, etc Matiko and Arte, LDA
Date of publication, distribution, etc 2012
300 ## - PHYSICAL DESCRIPTION
Extent 157 p. ;
504 ## - BIBLIOGRAPHY, ETC. NOTE
Bibliography, etc Includes bibliographical references (page 199).
700 1# - ADDED ENTRY--PERSONAL NAME
Personal name Silva, Maria do Carmo da,
Dates associated with a name 1966-
9 (RLIN) 36648
906 ## - LOCAL DATA ELEMENT F, LDF (RLIN)
a 7
b cbc
c origode
d 3
e ncip
f 20
g y-gencatlg
942 ## - ADDED ENTRY ELEMENTS (KOHA)
Source of classification or shelving scheme Library of Congress Classification
Koha item type Monograph ( Printed materials)
Holdings
Withdrawn status Lost status Source of classification or shelving scheme Damaged status Not for loan Collection code Home library Current library Shelving location Date acquired Total Checkouts Full call number Barcode Date last seen Price effective from Koha item type
    Library of Congress Classification     Main Collection ARRUPE LIBRARY ARRUPE LIBRARY Main Collection 03/10/2017   PR9408.M87 C45 M3 46500027794 03/10/2017 03/10/2017 Monograph ( Printed materials)

 

Arrupe Library. PO Box MP320 Mt Pleasant, Harare, Zimbabwe
263 242 745411|librarian@aju.ac.zw